000
00325nam a2200109Ia 4500
008
171211s9999 xx 000 0 und d
245
_a
Psalms in the Early Modern World
245
_c
Kari Boyd McBride and Linda Phyllis Austern
260
_c
2011
650
_x
RELIGION
856
_u
http://down.ebook777.com/063/1409422828.pdf
999
_c
350563
_d
350563